[Event "Int. Stuttgarter Stadtmeisterschaft C"]
[Site "Ditzingen"]
[Date "2018.05.10"]
[Round "2.8"]
[White "Kandler, Christoph"]
[Black "Renz, Rebecca"]
[Result "1-0"]
[WhiteElo "1557"]
[BlackElo "1184"]
[PlyCount "51"]
[EventDate "2018.??.??"]
[WhiteTeam "SF Nabern"]
[BlackTeam "SK Sachsenheim"]

1. e4 e6 2. d4 d5 3. exd5 exd5 4. Nf3 Nc6 5. Bb5 Bd7 6. O-O a6 7. Ba4 Bd6 8.
Nc3 Nge7 9. Re1 Nb4 10. Bb3 Be6 11. a3 Nbc6 12. Nxd5 Nxd5 13. Bxd5 Qd7 14. Bxe6
fxe6 15. d5 Ne7 16. dxe6 Qb5 17. Nd4 Qb6 18. b4 c5 19. bxc5 Qxc5 20. Be3 Qe5
21. Nf3 Qxe6 22. Bf4 Qf6 23. Bxd6 Rd8 24. Bxe7 Rxd1 25. Bxf6+ Kf7 26. Raxd1 1-0

[Event "Int. Stuttgarter Stadtmeisterschaft C"]
[Site "Ditzingen"]
[Date "2018.05.10"]
[Round "2.9"]
[White "Wilczek, Daniel"]
[Black "Jüttner, Mark"]
[Result "0-1"]
[WhiteElo "1139"]
[BlackElo "1472"]
[PlyCount "24"]
[EventDate "2018.??.??"]
[WhiteTeam "SV Backnang"]
[BlackTeam "SpVgg Rommelshausen"]

1. d4 d5 2. e3 e6 3. Bd3 c5 4. c3 Bd7 5. b3 Nf6 6. Nd2 Nc6 7. f4 Qc7 8. Ngf3
cxd4 9. cxd4 Nb4 10. Bb1 Qc3 11. a3 Bb5 12. Ra2 Qxe3+ 0-1

[Event "Int. Stuttgarter Stadtmeisterschaft C"]
[Site "Ditzingen"]
[Date "2018.05.10"]
[Round "2.10"]
[White "Schmid, Aaron"]
[Black "Reichmann, Bernd"]
[Result "0-1"]
[WhiteElo "1308"]
[BlackElo "1141"]
[PlyCount "64"]
[EventDate "2018.??.??"]
[WhiteTeam "Chess4Kids"]
[BlackTeam "SV Fellbach"]

1. d4 Nf6 2. c4 e6 3. Nf3 c5 4. Nc3 h6 5. e3 Nc6 6. Bd3 d5 7. cxd5 Nxd5 8. Nxd5
Qxd5 9. Bb5 a6 10. Ba4 b5 11. Bb3 c4 12. Bc2 Bb4+ 13. Bd2 Bxd2+ 14. Qxd2 Qd6
15. e4 Qb4 16. Qxb4 Nxb4 17. Bd1 O-O 18. O-O Bb7 19. Nd2 Rfd8 20. a3 Nc6 21.
Nf3 Nxd4 22. Nxd4 Rxd4 23. e5 Rad8 24. Bc2 Kf8 25. Rfd1 Ke7 26. Kf1 Rd2 27.
Rxd2 Rxd2 28. Bd1 f6 29. exf6+ Kxf6 30. Bg4 Rxb2 31. Re1 Bd5 32. Re3 Rb3 0-1

[Event "Int. Stuttgarter Stadtmeisterschaft C"]
[Site "Ditzingen"]
[Date "2018.05.10"]
[Round "2.11"]
[White "Meißner, Ole"]
[Black "Braun, Noah"]
[Result "1-0"]
[WhiteElo "1298"]
[BlackElo "1111"]
[PlyCount "55"]
[EventDate "2018.??.??"]
[WhiteTeam "SK Bietigheim-Bissingen"]
[BlackTeam "Schach-Kids Bernhausen"]

1. e4 c5 2. Nf3 d6 3. d4 cxd4 4. Nxd4 Nf6 5. Nc3 g6 6. Bc4 Bg7 7. f4 Nc6 8. Be3
O-O 9. Qd2 Bd7 10. O-O-O Rc8 11. Bb3 Na5 12. h3 Nxb3+ 13. Nxb3 a6 14. g4 h5 15.
Qf2 hxg4 16. hxg4 Nxg4 17. Qh4 Nf6 18. e5 dxe5 19. fxe5 Nh5 20. Rdg1 e6 21. Bg5
Qc7 22. Bf6 Bxf6 23. exf6 Qf4+ 24. Qxf4 Nxf4 25. Rg4 Nh5 26. Rxh5 Bc6 27. Rh3
Bg2 28. Rxg2 1-0

[Event "Int. Stuttgarter Stadtmeisterschaft C"]
[Site "Ditzingen"]
[Date "2018.05.10"]
[Round "2.12"]
[White "Acar, Lukas"]
[Black "Charalambakis, Michail"]
[Result "0-1"]
[WhiteElo "1079"]
[BlackElo "1517"]
[PlyCount "46"]
[EventDate "2018.??.??"]
[WhiteTeam "SF Birkenfeld"]
[BlackTeam "SV Altbach"]

1. d4 d5 2. c4 e6 3. Nc3 c5 4. e3 Nc6 5. Nf3 Nf6 6. Bd2 cxd4 7. Nxd4 Bd6 8.
cxd5 Nxd4 9. exd4 exd5 10. Bg5 Be6 11. Bb5+ Kf8 12. O-O h6 13. Bxf6 Qxf6 14.
Qe2 a6 15. Ba4 Qh4 16. g3 Qg5 17. f4 Qf6 18. Rfe1 Qxd4+ 19. Kg2 Bb4 20. Rad1
Qc4 21. Nxd5 Bxd5+ 22. Kf1 Qxe2+ 23. Rxe2 Bc4 0-1

[Event "Int. Stuttgarter Stadtmeisterschaft C"]
[Site "Ditzingen"]
[Date "2018.05.10"]
[Round "2.13"]
[White "Reichardt, Felix Alexander"]
[Black "Eid, Sami"]
[Result "0-1"]
[WhiteElo "1318"]
[BlackElo "1034"]
[PlyCount "120"]
[EventDate "2018.??.??"]
[WhiteTeam "SF Markgräflerland"]
[BlackTeam "SF Freiberg"]

1. Nf3 Nc6 2. c4 e5 3. Nc3 Nf6 4. d4 d6 5. Bg5 Be7 6. dxe5 dxe5 7. Qxd8+ Bxd8
8. Bxf6 Bxf6 9. e3 Bg4 10. Be2 O-O-O 11. Rd1 Nb4 12. O-O Rhe8 13. a3 Nc6 14. h3
Be6 15. Rxd8+ Rxd8 16. Rd1 Re8 17. b4 b6 18. Nd5 e4 19. Nxf6 gxf6 20. Nd4 Ne5
21. Rc1 Bd7 22. c5 Kb7 23. b5 c6 24. a4 Rg8 25. Kh2 h6 26. cxb6 axb6 27. bxc6+
Nxc6 28. Nxc6 Bxc6 29. Bb5 Bd5 30. Rd1 Be6 31. Bd7 Rd8 32. Bc6+ Kc7 33. Rxd8
Kxd8 34. Bxe4 Bd7 35. Bc2 Kc7 36. g4 Kc6 37. Kg1 Kc5 38. Kf1 Kb4 39. Ke1 Bxa4
40. Bxa4 Kxa4 41. Kd1 Kb3 42. Kc1 Kc3 43. h4 b5 44. f4 Kd3 45. g5 fxg5 46. fxg5
h5 47. Kb2 Kxe3 48. Kb3 Kf4 49. Kb4 Kg4 50. Kxb5 Kxh4 51. Kc4 Kxg5 52. Kd3 Kg4
53. Ke2 Kg3 54. Kf1 f5 55. Kg1 h4 56. Kf1 h3 57. Kg1 f4 58. Kh1 f3 59. Kg1 f2+
60. Kh1 f1=Q# 0-1

[Event "Int. Stuttgarter Stadtmeisterschaft C"]
[Site "Ditzingen"]
[Date "2018.05.10"]
[Round "2.14"]
[White "Esser, Milan"]
[Black "Burkert, Rolf"]
[Result "1-0"]
[WhiteElo "974"]
[BlackElo "1238"]
[PlyCount "65"]
[EventDate "2018.??.??"]
[WhiteTeam "SV Dettingen Erms"]
[BlackTeam "SK Gerlingen"]

1. d4 f5 2. Nf3 Nf6 3. g3 g6 4. Bg2 d6 5. O-O Bg7 6. Nbd2 c6 7. c3 d5 8. Ne5
O-O 9. Ndf3 Ng4 10. Bf4 Nxe5 11. Nxe5 Nd7 12. Nxd7 Qxd7 13. e3 e6 14. Re1 Re8
15. Be5 Qd8 16. h4 Bf6 17. h5 Bxe5 18. dxe5 Qg5 19. Bf3 Rf8 20. Kg2 f4 21. exf4
Rxf4 22. Qd2 h6 23. Qxf4 Qxf4 24. gxf4 g5 25. fxg5 Kg7 26. gxh6+ Kxh6 27. Rh1
Bd7 28. Rag1 Rf8 29. Be2 Rf5 30. Kf1 Be8 31. Rg2 c5 32. Rhg1 a6 33. Rg8 1-0

[Event "Int. Stuttgarter Stadtmeisterschaft C"]
[Site "Ditzingen"]
[Date "2018.05.10"]
[Round "2.15"]
[White "Volk, Emil"]
[Black "Al Khalaf, Mohamad"]
[Result "0-1"]
[WhiteElo "947"]
[BlackElo "1233"]
[PlyCount "154"]
[EventDate "2018.??.??"]
[WhiteTeam "SC Grunbach"]
[BlackTeam "SV Backnang"]

1. e4 e5 2. Nf3 Nc6 3. Bb5 Nf6 4. d3 d6 5. c3 a6 6. Ba4 Be7 7. Be3 Bg4 8. Nbd2
b5 9. Bb3 d5 10. h3 dxe4 11. dxe4 Bxf3 12. Qxf3 h6 13. O-O O-O 14. Qg3 g5 15.
h4 Nh7 16. Rad1 Qc8 17. Nf3 Kh8 18. Bd5 Qe8 19. Bxc6 Qxc6 20. Qxe5+ Bf6 21. Qf5
Rg8 22. Ne5 Bxe5 23. Qxe5+ f6 24. Qf5 Rae8 25. f3 Re5 26. Qg4 Qe6 27. Rd5 Qxg4
28. fxg4 Rxe4 29. Bd4 Rxg4 30. Bxf6+ Nxf6 31. Rxf6 Rxh4 32. g3 Kg7 33. Rxa6 Re4
34. Rd7+ Kf8 35. Rf6+ Ke8 36. Rxc7 Kd8 37. Rff7 Re2 38. Ra7 Ke8 39. Rfb7 Re1+
40. Kf2 Rd1 41. Rxb5 Rd7 42. Ra8+ Kf7 43. Ra6 Rg6 44. Ra8 Rf6+ 45. Ke3 g4 46.
Ke4 Re7+ 47. Re5 Rfe6 48. Rxe6 Rxe6+ 49. Kd4 Re3 50. c4 Rxg3 51. b4 Rd3+ 52.
Ke4 g3 53. Kxd3 g2 54. Ra7+ Kf6 55. Ra6+ Kg7 56. Ra7+ Kf6 57. c5 g1=Q 58. c6
Qxa7 59. b5 Ke5 60. a4 Kd6 61. Kc4 Qxa4+ 62. Kc3 Qxb5 63. Kd4 Qxc6 64. Ke3 Qc4
65. Kf3 Ke5 66. Ke3 Qc3+ 67. Kf2 Ke4 68. Kg2 Kf4 69. Kh2 Kg4 70. Kg1 Qb2 71.
Kf1 Kg3 72. Ke1 Qf2+ 73. Kd1 Kf3 74. Kc1 Ke3 75. Kb1 Kd3 76. Ka1 Kc3 77. Kb1
Qb2# 0-1

[Event "Int. Stuttgarter Stadtmeisterschaft C"]
[Site "Ditzingen"]
[Date "2018.05.10"]
[Round "2.19"]
[White "Izquierdo, Antonio"]
[Black "Geisler, Luna-Marie"]
[Result "1-0"]
[WhiteElo "1486"]
[BlackElo "756"]
[PlyCount "37"]
[EventDate "2018.??.??"]
[WhiteTeam "TSF Ditzingen"]
[BlackTeam "SC Leimen"]

1. e4 e5 2. Bc4 Bc5 3. Nf3 Nf6 4. Nxe5 Nxe4 5. d4 d5 6. dxc5 dxc4 7. Qxd8+ Kxd8
8. Nxf7+ Ke8 9. Nxh8 Nf6 10. O-O Na6 11. Re1+ Kf8 12. c6 Kg8 13. Rd1 Bd7 14.
cxd7 Rd8 15. Bg5 Ne4 16. Bxd8 Kxh8 17. Bxc7 Nxc7 18. d8=Q+ Ne8 19. Qxe8# 1-0

[Event "Int. Stuttgarter Stadtmeisterschaft C"]
[Site "Ditzingen"]
[Date "2018.05.10"]
[Round "2.20"]
[White "Limbeck, Marcus"]
[Black "Fischer, Uta"]
[Result "0-1"]
[WhiteElo "1454"]
[BlackElo "1074"]
[PlyCount "130"]
[EventDate "2018.??.??"]
[WhiteTeam "SC Leimen"]
[BlackTeam "SC Aidlingen"]

1. c4 Nf6 2. g3 e5 3. Bg2 Bc5 4. Nf3 Nc6 5. Nc3 d6 6. a3 a6 7. b4 Ba7 8. Bb2
Nd4 9. Nxd4 Bxd4 10. Rb1 c6 11. e3 Bxc3 12. Bxc3 Bf5 13. d3 Bg4 14. Qd2 Qd7 15.
h3 Be6 16. f4 exf4 17. exf4 O-O 18. Bxf6 gxf6 19. Qe3 Rae8 20. O-O Bxh3 21. Qf2
Bxg2 22. Kxg2 Qf5 23. Qc2 d5 24. Rbc1 dxc4 25. dxc4 Qxc2+ 26. Rxc2 Re3 27. Rf3
Rfe8 28. a4 Re2+ 29. Rf2 Rxc2 30. Rxc2 Re3 31. Rb2 b5 32. cxb5 cxb5 33. axb5
axb5 34. Kf2 Rc3 35. g4 Kg7 36. Rd2 Rc4 37. Ke3 Rxb4 38. Rd5 h6 39. Rh5 Kg6 40.
Rd5 Rb3+ 41. Kd2 b4 42. Rd4 Rg3 43. Rxb4 Rxg4 44. Ke3 f5 45. Rb6+ f6 46. Rb8
Kh7 47. Rb7+ Kg6 48. Rb8 Kh5 49. Rb6 Rg6 50. Rb1 Rg3+ 51. Kf2 Kg4 52. Rh1 h5
53. Rxh5 Rf3+ 54. Kg2 Rxf4 55. Rh3 Kg5 56. Rf3 Rxf3 57. Kxf3 f4 58. Kg2 Kg4 59.
Kf2 f3 60. Kg1 Kf4 61. Kf2 f5 62. Kf1 Ke3 63. Ke1 f2+ 64. Kf1 f4 65. Kg2 Ke2
0-1

[Event "Int. Stuttgarter Stadtmeisterschaft C"]
[Site "Ditzingen"]
[Date "2018.05.11"]
[Round "3.1"]
[White "Al Khalaf, Mohamad"]
[Black "Weisensel, Wolfgang"]
[Result "1/2-1/2"]
[WhiteElo "1233"]
[BlackElo "1685"]
[PlyCount "32"]
[EventDate "2018.??.??"]
[WhiteTeam "SV Backnang"]
[BlackTeam "Stuttgarter SF"]

1. d4 Nf6 2. Nf3 e6 3. e3 b6 4. Bd3 Bb7 5. Nbd2 d5 6. c3 Be7 7. Qc2 h6 8. O-O
O-O 9. Re1 c5 10. c4 Nbd7 11. b3 Rc8 12. a4 cxd4 13. exd4 Bb4 14. Re2 Qc7 15.
Ba3 Bxa3 16. Rxa3 Ba6 1/2-1/2

[Event "Int. Stuttgarter Stadtmeisterschaft C"]
[Site "Ditzingen"]
[Date "2018.05.11"]
[Round "3.2"]
[White "Reichmann, Bernd"]
[Black "Dietrich, Malte"]
[Result "0-1"]
[WhiteElo "1141"]
[BlackElo "1419"]
[PlyCount "60"]
[EventDate "2018.??.??"]
[WhiteTeam "SV Fellbach"]
[BlackTeam "Rochade Metzingen"]

1. e4 e6 2. Nf3 d5 3. exd5 exd5 4. d4 Bd6 5. h3 Ne7 6. Be2 Nd7 7. Nc3 c6 8. Bd2
Nf6 9. a3 Ng6 10. Bg5 h6 11. Bxf6 Qxf6 12. Nh2 Nf4 13. Bf3 Qg6 14. Kf1 O-O 15.
Ne2 Bf5 16. Rc1 Rfe8 17. Ng3 Bd7 18. c3 Nd3 19. Ne2 Nxc1 20. Qxc1 Re7 21. Qd1
Rae8 22. g4 h5 23. Kg2 Bxh2 24. Rxh2 hxg4 25. hxg4 Bxg4 26. Ng3 Re1 27. Qd2
Bxf3+ 28. Kxf3 Rg1 29. Qf4 Qd3+ 30. Kg4 Re4 0-1

[Event "Int. Stuttgarter Stadtmeisterschaft C"]
[Site "Ditzingen"]
[Date "2018.05.11"]
[Round "3.3"]
[White "Arvai, Marton"]
[Black "Hoffmann, Julian"]
[Result "1-0"]
[WhiteElo "1418"]
[BlackElo "1219"]
[PlyCount "59"]
[EventDate "2018.??.??"]
[WhiteTeam "TSV Münchingen"]
[BlackTeam "Schach-Kids Bernhausen"]

1. e4 c5 2. Nf3 d6 3. Nc3 e6 4. Bc4 g6 5. d3 Bg7 6. Be3 Nf6 7. Qd2 Nc6 8. Bh6
O-O 9. O-O-O d5 10. Bxg7 Kxg7 11. exd5 exd5 12. Bb5 Qa5 13. Bxc6 bxc6 14. d4 c4
15. Ne5 Bd7 16. h4 h5 17. f3 Rfb8 18. g4 Rb7 19. Qf4 Rab8 20. g5 Bf5 21. gxf6+
Kh7 22. Nxf7 Kg8 23. Nh6+ Kf8 24. Qd6+ Ke8 25. Rhe1+ Be4 26. fxe4 Qb4 27. exd5+
Re7 28. Rxe7+ Kf8 29. Rg7+ Qxd6 30. Rg8# 1-0

[Event "Int. Stuttgarter Stadtmeisterschaft C"]
[Site "Ditzingen"]
[Date "2018.05.11"]
[Round "3.4"]
[White "Eid, Sami"]
[Black "Stegmiller, Dennis"]
[Result "1/2-1/2"]
[WhiteElo "1034"]
[BlackElo "1502"]
[PlyCount "37"]
[EventDate "2018.??.??"]
[WhiteTeam "SF Freiberg"]
[BlackTeam "TSF Ditzingen"]

1. e4 e5 2. Nf3 Nc6 3. Bc4 Bc5 4. d3 Nf6 5. Nc3 a6 6. Bg5 h6 7. Bh4 d6 8. Nd5
g5 9. Bg3 Bg4 10. c3 Nxd5 11. Bxd5 Qd7 12. h3 Bh5 13. h4 O-O-O 14. Qa4 f6 15.
Qb3 Na5 16. Qc2 c6 17. b4 cxd5 18. exd5 Bb6 19. bxa5 1/2-1/2

[Event "Int. Stuttgarter Stadtmeisterschaft C"]
[Site "Ditzingen"]
[Date "2018.05.11"]
[Round "3.8"]
[White "Izquierdo, Antonio"]
[Black "Esser, Milan"]
[Result "1-0"]
[WhiteElo "1486"]
[BlackElo "974"]
[PlyCount "60"]
[EventDate "2018.??.??"]
[WhiteTeam "TSF Ditzingen"]
[BlackTeam "SV Dettingen Erms"]

1. e4 c6 2. c4 d5 3. cxd5 cxd5 4. e5 e6 5. Nf3 Nc6 6. Bb5 Nge7 7. O-O Nf5 8. d4
Bd7 9. Nc3 Rc8 10. a3 Be7 11. Bxc6 bxc6 12. b4 a5 13. bxa5 Qxa5 14. Bd2 Bxa3
15. Nb1 Qb6 16. Nxa3 c5 17. dxc5 Qxc5 18. Qb3 Nd4 19. Qd3 Nxf3+ 20. Qxf3 O-O
21. Qg4 Kh8 22. Bb4 Qb6 23. Bxf8 Rxf8 24. Qg5 f6 25. Qf4 Qb2 26. Qg3 fxe5 27.
Rab1 Qd4 28. Rb7 Rd8 29. Qg5 Rc8 30. Rxd7 e4 1-0

[Event "Int. Stuttgarter Stadtmeisterschaft C"]
[Site "Ditzingen"]
[Date "2018.05.11"]
[Round "3.9"]
[White "Fischer, Uta"]
[Black "Schmidt, Victor"]
[Result "1-0"]
[WhiteElo "1074"]
[BlackElo "1394"]
[PlyCount "120"]
[EventDate "2018.??.??"]
[WhiteTeam "SC Aidlingen"]
[BlackTeam "SK Gerlingen"]

1. e4 e5 2. Nf3 Nc6 3. Nc3 Nf6 4. Bc4 h6 5. a3 d6 6. h3 Be7 7. d3 O-O 8. Nd5
Nxd5 9. Bxd5 Bd7 10. Be3 a6 11. Qd2 Qc8 12. b4 Be6 13. Bxe6 Qxe6 14. O-O f5 15.
exf5 Rxf5 16. Nh2 d5 17. d4 exd4 18. Bf4 Qf7 19. Bxc7 Bxb4 20. axb4 Qxc7 21. b5
Ne7 22. bxa6 bxa6 23. Qxd4 Qxc2 24. Qa4 Qxa4 25. Rxa4 Kf7 26. Rfa1 Rf6 27. Ng4
Rd6 28. Ne5+ Ke6 29. Nd3 Nc6 30. Nc5+ Ke5 31. f4+ Kf6 32. Rxa6 Rxa6 33. Rxa6
Kf5 34. g3 d4 35. Kf2 Kf6 36. Ne4+ Ke6 37. Nxd6 Kxd6 38. Ke2 Kd5 39. Ra8 Kc4
40. Rc8 Kd5 41. Rc7 Nb4 42. Rxg7 Kc4 43. Rc7+ Kb3 44. Rb7 Kc3 45. Rxb4 Kxb4 46.
Kd3 Kc5 47. f5 Kd5 48. f6 Ke6 49. f7 Kxf7 50. Kxd4 Kf6 51. Ke4 Kg5 52. Kf3 h5
53. Ke4 Kf6 54. Kf4 Kg6 55. Ke5 Kg5 56. h4+ Kg4 57. Kf6 Kxg3 58. Kg5 Kf3 59.
Kxh5 Kf4 60. Kg6 Ke5 1-0

[Event "Int. Stuttgarter Stadtmeisterschaft C"]
[Site "Ditzingen"]
[Date "2018.05.11"]
[Round "3.10"]
[White "Maier, Manuel"]
[Black "Wolff, Calvin"]
[Result "0-1"]
[WhiteElo "1362"]
[BlackElo "975"]
[PlyCount "38"]
[EventDate "2018.??.??"]
[WhiteTeam "SV Reutlingen"]
[BlackTeam "Heilbronner SV"]

1. e4 c5 2. Nc3 d6 3. f4 Nc6 4. Nf3 Bg4 5. Bc4 Nd4 6. d3 Bxf3 7. gxf3 a6 8. a4
Qd7 9. f5 g6 10. f4 gxf5 11. Bxf7+ Kd8 12. Bc4 fxe4 13. dxe4 Qh3 14. Be3 Qxe3+
15. Ne2 Nf6 16. c3 Nf3+ 17. Kf1 Ng4 18. Kg2 Nh4+ 19. Kf1 Qf2# 0-1

[Event "Int. Stuttgarter Stadtmeisterschaft C"]
[Site "Ditzingen"]
[Date "2018.05.11"]
[Round "3.11"]
[White "Hackenberg, Julian"]
[Black "Stecher, Oliver"]
[Result "0-1"]
[WhiteElo "1196"]
[BlackElo "1181"]
[PlyCount "96"]
[EventDate "2018.??.??"]
[WhiteTeam "SC Magstadt"]
[BlackTeam "SSV Zuffenhausen"]

1. e4 e5 2. Nf3 Nc6 3. Bb5 Nf6 4. Nc3 a6 5. Bxc6 dxc6 6. d4 exd4 7. Nxd4 Bc5 8.
Be3 O-O 9. Qd3 Re8 10. f3 Qd6 11. Rd1 Bd7 12. Qe2 Qe5 13. Qf2 Rad8 14. O-O b5
15. Nxc6 Bxc6 16. Bxc5 Qe6 17. Rfe1 Nd7 18. Bd4 b4 19. Nd5 Bxd5 20. exd5 Qxd5
21. Bf6 Rxe1+ 22. Qxe1 Qc5+ 23. Kh1 gxf6 24. Rxd7 Rxd7 25. Qe8+ Kg7 26. Qxd7
Qxc2 27. Qg4+ Qg6 28. Qxg6+ Kxg6 29. Kg1 Kf5 30. Kf2 Ke5 31. Ke3 c5 32. f4+ Kd5
33. g4 c4 34. h4 c3 35. bxc3 bxc3 36. Kd3 c2 37. Kxc2 Ke4 38. f5 Kf4 39. Kc3
Kxg4 40. a4 Kxf5 41. Kc4 Ke5 42. Kc5 f5 43. a5 f4 44. Kb6 f3 45. Kxa6 f2 46.
Kb6 f1=Q 47. a6 Qxa6+ 48. Kxa6 f5 0-1

[Event "Int. Stuttgarter Stadtmeisterschaft C"]
[Site "Ditzingen"]
[Date "2018.05.11"]
[Round "3.12"]
[White "Rappazzo, Johannes"]
[Black "Ustaosman, Hasan"]
[Result "1-0"]
[WhiteElo "1494"]
[BlackElo "1532"]
[PlyCount "75"]
[EventDate "2018.??.??"]
[WhiteTeam "Zürich Chess4Kids"]
[BlackTeam "TSG Steinheim"]

1. e4 Nf6 2. e5 Nd5 3. c4 Nb6 4. d4 d6 5. exd6 cxd6 6. Nf3 Nc6 7. Be3 Bf5 8. a3
e6 9. Bd3 Be7 10. Bxf5 exf5 11. Qc2 Qd7 12. O-O O-O-O 13. Nbd2 h6 14. b4 Kb8
15. b5 Na5 16. Qc3 Naxc4 17. Nxc4 Qxb5 18. Nxb6 Qxb6 19. d5 Bf6 20. Bxb6 Bxc3
21. Bxd8 Bxa1 22. Be7 Be5 23. Nxe5 dxe5 24. Bd6+ Kc8 25. Bxe5 f6 26. Bc3 Kd7
27. Bb4 b6 28. a4 a5 29. Ba3 Re8 30. f3 g6 31. Kf2 Rc8 32. Rb1 Rc4 33. Rxb6
Rxa4 34. Bf8 Ra2+ 35. Kg3 Rd2 36. Rb5 a4 37. Bxh6 a3 38. Bxd2 1-0

[Event "Int. Stuttgarter Stadtmeisterschaft C"]
[Site "Ditzingen"]
[Date "2018.05.11"]
[Round "3.13"]
[White "Jünk, Stefan"]
[Black "Schäfer, Helmut"]
[Result "1-0"]
[WhiteElo "1621"]
[BlackElo "1197"]
[PlyCount "53"]
[EventDate "2018.??.??"]
[WhiteTeam "SC Leinzell"]
[BlackTeam "TSV Münchingen"]

1. e4 e5 2. Nf3 Nc6 3. Bb5 Nge7 4. O-O d6 5. c3 a6 6. Ba4 b5 7. Bc2 Bb7 8. d4
exd4 9. cxd4 Nb4 10. Bb3 Bxe4 11. Bxf7+ Kxf7 12. Ng5+ Ke8 13. Nxe4 Nf5 14. Re1
Kd7 15. d5 a5 16. Nbc3 Rb8 17. a3 Na6 18. Qg4 g6 19. Bg5 Be7 20. Bxe7 Kxe7 21.
Ng5+ Kf6 22. Nce4+ Ke7 23. Ng3+ Kf6 24. Re6+ Kg7 25. Nxf5+ gxf5 26. Qxf5 Rf8
27. Qxh7# 1-0

[Event "Int. Stuttgarter Stadtmeisterschaft C"]
[Site "Ditzingen"]
[Date "2018.05.11"]
[Round "3.14"]
[White "Chugunov, Ivan"]
[Black "Wilczek, Daniel"]
[Result "0-1"]
[WhiteElo "1431"]
[BlackElo "1139"]
[PlyCount "106"]
[EventDate "2018.??.??"]
[WhiteTeam "SC Ostfildern"]
[BlackTeam "SV Backnang"]

1. e4 e5 2. Nf3 Nc6 3. Bc4 Nf6 4. d3 Bc5 5. Nc3 d6 6. Bg5 Be6 7. Nd5 Bxd5 8.
Bxd5 Na5 9. a3 Nc6 10. Qe2 Qd7 11. Bxf6 gxf6 12. Nh4 O-O-O 13. Nf5 Rdf8 14.
Bxc6 bxc6 15. O-O-O d5 16. g4 Qe6 17. h3 d4 18. Rhf1 Kd7 19. f4 Qa2 20. c3 Rb8
21. c4 Qa1+ 22. Kd2 Qxb2+ 23. Ke1 Bxa3 24. Qxb2 Rxb2 25. Rf2 Rhb8 26. fxe5 Rb1
27. exf6 Bb4+ 28. Ke2 Bc3 29. Rff1 Rxd1 30. Rxd1 Ke6 31. g5 Rb2+ 32. Kf3 c5 33.
h4 a5 34. Kg4 Rd2 35. Rxd2 Bxd2 36. Ng3 a4 37. Nf1 Be3 38. Nh2 a3 39. Nf3 a2
40. Ne1 a1=Q 41. Nc2 Qd1+ 42. Kg3 Qxc2 43. e5 Qxd3 44. g6 hxg6 45. h5 Qf5 46.
h6 Bxh6 47. Kh2 Qxe5+ 48. Kg2 Kf5 49. Kh3 Kf4 50. Kg2 Qe3 51. Kf1 Qd2 52. Kg1
Kg3 53. Kh1 Qg2# 0-1

[Event "Int. Stuttgarter Stadtmeisterschaft C"]
[Site "Ditzingen"]
[Date "2018.05.11"]
[Round "3.16"]
[White "Winterkorn, Nikolaus"]
[Black "Acar, Lukas"]
[Result "1-0"]
[WhiteElo "1335"]
[BlackElo "1079"]
[PlyCount "93"]
[EventDate "2018.??.??"]
[WhiteTeam "DJK Sportbund Stgt."]
[BlackTeam "SF Birkenfeld"]

1. Nf3 d5 2. d4 c5 3. e3 Nc6 4. Bb5 Bg4 5. Bxc6+ bxc6 6. O-O e6 7. Nbd2 Nf6 8.
h3 Bh5 9. Qe1 cxd4 10. exd4 Bd6 11. Ne5 c5 12. g4 Bg6 13. Nxg6 hxg6 14. Kg2
cxd4 15. Nf3 Ne4 16. Nxd4 Qh4 17. Rh1 Bc5 18. Be3 Bxd4 19. Bxd4 f6 20. f3 Qxe1
21. Rhxe1 Ng5 22. Rh1 Rc8 23. Rac1 a6 24. c3 e5 25. Be3 Ne6 26. Rhe1 Kf7 27.
Bd2 g5 28. Rc2 Rhd8 29. b3 d4 30. c4 Rd7 31. Rec1 g6 32. Kg3 d3 33. Rb2 Nd4 34.
Kf2 Re8 35. c5 e4 36. fxe4 Rxe4 37. Re1 Rf4+ 38. Bxf4 gxf4 39. Rd2 Nc2 40. Red1
Ne3 41. Rc1 Nc2 42. c6 Rd6 43. c7 Rc6 44. Rxd3 Rxc7 45. Rd2 f3 46. Rdxc2 Rxc2+
47. Rxc2 1-0

[Event "Int. Stuttgarter Stadtmeisterschaft C"]
[Site "Ditzingen"]
[Date "2018.05.11"]
[Round "3.17"]
[White "Braun, Noah"]
[Black "Herrmann, David"]
[Result "1/2-1/2"]
[WhiteElo "1111"]
[BlackElo "1335"]
[PlyCount "95"]
[EventDate "2018.??.??"]
[WhiteTeam "Schach-Kids Bernhausen"]
[BlackTeam "SV Weil der Stadt"]

1. e4 c5 2. Nf3 Nc6 3. Bb5 d6 4. d4 cxd4 5. Nxd4 Bd7 6. Nxc6 Bxc6 7. Bxc6+ bxc6
8. Nc3 Nf6 9. Bg5 Nd7 10. Qd2 Qb6 11. Rb1 g6 12. O-O Bg7 13. Be3 Qb7 14. h3 O-O
15. f4 Nb6 16. g4 Nc4 17. Qc1 e6 18. f5 c5 19. f6 Bh8 20. Bh6 Rfd8 21. b3 Ne5
22. Qd1 d5 23. exd5 exd5 24. h4 d4 25. Na4 Qc6 26. h5 Bxf6 27. g5 Bg7 28. Bxg7
Kxg7 29. h6+ Kg8 30. Qe2 Re8 31. Qf2 Rac8 32. Nxc5 Nf3+ 33. Qxf3 Qxf3 34. Rxf3
Rxc5 35. Rbf1 Rxg5+ 36. Kh2 Re2+ 37. Kh3 Rh5+ 38. Kg3 Re7 39. Rd3 Re3+ 40. Rf3
Rxf3+ 41. Kxf3 Rxh6 42. Rxd4 Rh2 43. Rc4 Rd2 44. Rc7 Kf8 45. Rxa7 Rxc2 46. b4
h5 47. a4 Rc3+ 48. Kg2 1/2-1/2

[Event "Int. Stuttgarter Stadtmeisterschaft C"]
[Site "Ditzingen"]
[Date "2018.05.11"]
[Round "3.18"]
[White "Bopp, Aaron"]
[Black "Schmid, Aaron"]
[Result "0-1"]
[WhiteElo "1054"]
[BlackElo "1308"]
[PlyCount "46"]
[EventDate "2018.??.??"]
[WhiteTeam "Schach-Kids Bernhausen"]
[BlackTeam "Zürich Chess4Kids"]

1. e4 c5 2. Nf3 d6 3. d4 cxd4 4. Nxd4 Nc6 5. Be3 g6 6. Nxc6 bxc6 7. Bd4 Nf6 8.
Bxf6 exf6 9. Be2 f5 10. exf5 Bxf5 11. Bf3 Qe7+ 12. Qe2 Qxe2+ 13. Bxe2 Bg7 14.
c3 O-O-O 15. Ba6+ Kc7 16. Nd2 Rhe8+ 17. Kd1 d5 18. Re1 Kb6 19. Rxe8 Rxe8 20.
Be2 Bc2+ 21. Kxc2 Rxe2 22. Rf1 Bh6 23. Kd3 Rxd2# 0-1

[Event "Int. Stuttgarter Stadtmeisterschaft C"]
[Site "Ditzingen"]
[Date "2018.05.11"]
[Round "3.19"]
[White "Hennicken, Arnold"]
[Black "Schmidt, Julian"]
[Result "1-0"]
[WhiteElo "1298"]
[BlackElo "1005"]
[PlyCount "49"]
[EventDate "2018.??.??"]
[WhiteTeam "SF Esch"]
[BlackTeam "SF Birkenfeld"]

1. d4 Nf6 2. c4 g6 3. Nc3 Bg7 4. e4 d6 5. f3 O-O 6. Be3 e5 7. d5 c6 8. Qd2 cxd5
9. cxd5 b6 10. Bd3 Ba6 11. Nge2 Bxd3 12. Qxd3 Nbd7 13. b4 a5 14. Qb5 axb4 15.
Qxb4 Nc5 16. O-O Nfd7 17. Nb5 Ra4 18. Qd2 Qa8 19. Rfb1 Qb8 20. Nec3 Ra6 21. a3
Na4 22. Na2 Ndc5 23. Nb4 Ra8 24. Nc6 Qc8 25. Ne7+ 1-0

[Event "Int. Stuttgarter Stadtmeisterschaft C"]
[Site "Ditzingen"]
[Date "2018.05.11"]
[Round "3.20"]
[White "Ropertz, Benjamin"]
[Black "Reichardt, Felix Alexander"]
[Result "1-0"]
[WhiteElo "1027"]
[BlackElo "1318"]
[PlyCount "159"]
[EventDate "2018.??.??"]
[WhiteTeam "TSF Ditzingen"]
[BlackTeam "SF Markgräflerland"]

1. e4 e6 2. d4 c5 3. c3 Nf6 4. Nd2 cxd4 5. cxd4 Bb4 6. Bd3 Nc6 7. Ngf3 Qb6 8.
d5 exd5 9. exd5 Nxd5 10. O-O O-O 11. Nc4 Qc7 12. Ng5 Nf6 13. b3 Bc3 14. Bb2
Bxb2 15. Nxb2 h6 16. Nf3 d5 17. Rc1 Qd6 18. Na4 Bg4 19. Be2 Bxf3 20. Bxf3 Ne5
21. Nc3 Nxf3+ 22. Qxf3 Rac8 23. Rcd1 Rfd8 24. Rd4 Rd7 25. Rfd1 Rcd8 26. Nxd5
Nxd5 27. Rxd5 Qxd5 28. Rxd5 Rxd5 29. g3 Rd1+ 30. Kg2 b6 31. Qb7 R1d7 32. Qa6 g6
33. a4 h5 34. a5 Rb8 35. b4 Rdb7 36. axb6 Rxb6 37. Qxa7 Rxb4 38. Kh3 Rb3 39.
Kh4 R3b4+ 40. Kg5 R8b5+ 41. Kh6 Rb8 42. Qe7 R4b6 43. f4 Rc6 44. Qe5 g5+ 45.
Kxh5 Rbc8 46. Qxg5+ Kf8 47. Qg4 Rg6 48. Qxc8+ Kg7 49. Qc3+ Kh7 50. Qd3 Kg7 51.
Qxg6+ fxg6+ 52. Kg5 Kh7 53. h4 Kg7 54. h5 gxh5 55. Kxh5 Kf6 56. g4 Kg7 57. f5
Kh7 58. g5 Kg7 59. f6+ Kh8 60. Kh6 Kg8 61. g6 Kh8 62. g7+ Kg8 63. f7+ Kxf7 64.
Kh7 Kf6 65. g8=Q Ke5 66. Qg4 Kd5 67. Qf4 Ke6 68. Qg5 Kd6 69. Qf5 Kc6 70. Qe5
Kd7 71. Qf6 Kc7 72. Qe6 Kb7 73. Qd6 Ka8 74. Qb4 Ka7 75. Kg7 Ka8 76. Kf7 Ka7 77.
Ke7 Ka8 78. Kd7 Ka7 79. Kc7 Ka6 80. Qb6# 1-0